Obras del Padre Juan de Mariana
Furkejuvvon:
| Materiálatiipa: | Girji |
|---|---|
| Giella: | Spanish |
| Almmustuhtton: |
Madrid, España
Rivadeneyra
1864
|
| Ráidu: | Biblioteca de autores españoles, desde la formación del lenguaje hasta nuestros días
|
| Fáttát: | |
| Liŋkkat: | Acceso al texto completo Tomo I |
| Fáddágilkorat: |
Lasit fáddágilkoriid
Eai fáddágilkorat, Lasit vuosttaš fáddágilkora!
|
MARC
| LEADER | 00000nam a2200000Ia 4500 | ||
|---|---|---|---|
| 008 | 171123b xxu||||| |||| 00| 0 spa d | ||
| 040 | |a cru BVZT | ||
| 090 | |a R-413 O-2ob V.I BAE | ||
| 245 | |a Obras del Padre Juan de Mariana |c Manuel Rivadeneya, editor ; Francisco Pi y Margall, compilador | ||
| 260 | |a Madrid, España | ||
| 260 | |b Rivadeneyra | ||
| 260 | |c 1864 | ||
| 300 | |a XLIX, 534 páginas |b Volumen I | ||
| 490 | |a Biblioteca de autores españoles, desde la formación del lenguaje hasta nuestros días | ||
| 500 | |a Incluye discurso preliminar del compilador | ||
| 650 | |a REFERENCIA | ||
| 650 | |a HISTORIA | ||
| 650 | |a ESPAÑA | ||
| 650 | |a FILOSOFÍA | ||
| 856 | |u https://babel.hathitrust.org/cgi/pt?id=ucm.5318624564;view=1up;seq=7 |y Acceso al texto completo Tomo I | ||
| 942 | |c REF | ||
| 999 | |c 14833 |d 14833 | ||
